Les featurings de PLK - Mort subite - Statistiques

Statistiques générales
  • Ce quiz a été pris 1 549 fois
  • Le résultat moyen est 8 sur 12
Answers on the Grid
Answers color-coded by a green-red scale on the quiz's grid according to % correct below.
Jul
SDM
Hamza
Werenoi
Ninho
Dinos
SCH
Gazo
Niska
Nekfeu
Vacra
IAM
MHD
Lartiste
Kaaris
Gradur
Booba
Laylow
Zola
Lacrim
 
Statistiques - réponses
Réponse % Correct
Jul
86%
Hamza
82%
SDM
82%
SCH
79%
Vacra
76%
Gazo
74%
Niska
74%
Nekfeu
73%
Werenoi
69%
Ninho
59%
Dinos
55%
Lacrim
31%
Aucun quiz correspondant
Distribution des résultats
% des personnes avec chaque résultat
Percentile par nombre de réponses
Votre historique - résultats
Vous n’avez pas pris ce quiz